LEADER 01054nam 2200349 450 001 990000871760203316 011 $a0399-0370 035 $a0087176 035 $aUSA010087176 035 $a(ALEPH)000087176USA01 035 $a0087176 100 $a20020301d1974----km-y0ITAy01------ba 101 $afra 102 $aFR 200 1 $a<> Afrique et l'Asie modernes$erevue trimestrielle$fpubliče avec le consours dea anciens du C.H.E.A.M. 210 $aParis$d1974-1991 215 $a18 v.$d21 cm 326 $aTrimestrale 606 0 $aAfrica$xPolitica$xPeriodici 676 $a320.96 801 0$aIT$bsalbc$gISBD 912 $a990000871760203316 958 $aUMA$bn.100(1 trimestre 1974)-n.168(printemps 1991)$cA 959 $aSE 969 $aUMA 979 $aPATTY$b90$c20020114$lUSA01$h1611 979 $aPATTY$b90$c20020114$lUSA01$h1612 979 $aPATTY$b90$c20020301$lUSA01$h1501 979 $c20020403$lUSA01$h1732 979 $aPATRY$b90$c20040406$lUSA01$h1700 996 $aAfrique et l'Asie modernes$9969215 997 $aUNISA LEADER 01512nam 2200361 450 001 996280507503316 005 20231208095026.0 010 $a0-7381-9995-8 035 $a(CKB)3780000000092659 035 $a(NjHacI)993780000000092659 035 $a(EXLCZ)993780000000092659 100 $a20231208d2015 uy 0 101 0 $aeng 135 $aur||||||||||| 181 $ctxt$2rdacontent 182 $cc$2rdamedia 183 $acr$2rdacarrier 200 10$aHealth informatics$hPart 20601 Application profile, $ioptimized exchange protocol : corrigendum 1 $epersonal health device communication /$fInstitute of Electrical and Electronics Engineers 210 1$aPiscataway, NJ :$cIEEE,$d2015. 215 $a1 online resource 517 $a11073-20601-2014/Cor 1-2015 - IEEE Health informatics--Personal health device communication Part 20601 517 $aIEEE Std 11073-20601-2014/Cor 1-2015 (Corrigendum to IEEE Std 11073-20601-2014): IEEE Health informatics--Personal health device communication Part 20601: Application profile--Optimized Exchange Protocol - Corrigendum 1 517 $aIEEE Std 11073-20601-2014/Cor 1-2015 517 $aIEEE Health informatics--Personal health device communication Part 20601 606 $aBioinformatics$xStatistical methods 615 0$aBioinformatics$xStatistical methods. 676 $a570.285 801 0$bNjHacI 801 1$bNjHacl 906 $aDOCUMENT 912 $a996280507503316 996 $aHealth Informatics$91777900 997 $aUNISA